| 000 | 01703cam a22004094i 4500 | ||
|---|---|---|---|
| 003 | PE-LiUPU | ||
| 005 | 20250731183409.0 | ||
| 008 | 171201s2008 sp a r0 000 0 eng d | ||
| 020 | _a9788496954410 | ||
| 035 | _a(Sirsi) a240249 | ||
| 040 |
_aPE-LIUPU _bspa _cPE-LIUPU _erda |
||
| 082 | 0 | 4 |
_a720.946 _bA78 _221 |
| 245 | 0 | 0 |
_aArquitectura Expo Zaragoza, 2008 : _bproyecto urbano = Expo architecture Zaragoza : an urban project : [exposición] / _c[textos, Fredy Massad y Alicia Guerrero Yeste]. |
| 264 |
_a[Zaragoza] _bExpoagua Zaragoza 2008 S.A. ; _a[Barcelona] _bActar _c2008 |
||
| 300 |
_a235 páginas : _bilustraciones ; _c28 centímetros. |
||
| 300 | _a1 CD-ROM | ||
| 336 |
_atext _2rdacontent |
||
| 337 |
_aunmediated _2rdamedia |
||
| 338 |
_avolume _2rdacarrier |
||
| 505 | 0 | _aEl futuro pragmático -- Estructuras de transformación -- Nuevos cimientos urbanos. | |
| 526 | _aP158 | ||
| 526 | _aP146 | ||
| 526 | _aP17 | ||
| 526 | _aP12 | ||
| 526 | _aP06 | ||
| 526 | 8 |
_iPrograma académico : _5PE-LiUPU |
|
| 541 | _g003-1759; | ||
| 594 | _aPrecede al título: Exposición Internacional Zaragoza 2008 | ||
| 611 | 2 | 7 |
_aExpo Zaragoza _d2008 _xEdificios _2embne |
| 651 | 7 |
_aZaragoza _xEdificios, estructuras, etc. _2embne |
|
| 700 | 1 |
_aMassad, Fredy, _eeditor. |
|
| 700 | 1 |
_aGuerrero Yeste, Alicia, _eeditor. |
|
| 910 |
_adbm _bksl _cksl _d20171201 |
||
| 596 | _a1 | ||
| 942 |
_2ddc _cBOOK |
||
| 999 |
_a720.946 A78 _wLC _c25913 _i77102 _d25913 _e2018-5-20 _f2021-11-9 _g4 _lCCODEBUL1 _mBUL _n1 _p55.36 _q2 _r0 _sY _tBOOK _u2017-12-1 _xINGENIERIA _PP06 _0COMPRA _o.STAFF. Colección Ingeniería y Arquitectura |
||
| 980 |
_81 _gALBERTO SANCHEZ Responsable de Automatización |
||